Biblioteca

La tierra que yo te mostraré (Registro nro. 45073)

Detalles MARC
000 -LÍDER
Campo fijo de descripción fija 01426cam a2200349 i 4500
001 - NÚMERO DE CONTROL
Campo de control 18660
003 - IDENTIFICADOR DEL NÚMERO DE CONTROL
Campo de control CO-MdFUSB
005 - FECHA Y HORA DE LA ULTIMA TRANSACCIÓN
control field 20220625062548.0
008 - ELEMENTOS DE LONGITUD FIJA -- INFORMACIÓN GENERAL
Campo fijo de descripción fija -- Información general 160802t2014 sp ||||| |||| 00| 0 spa d
020 ## - NÚMERO INTERNACIONAL NORMALIZADO PARA LIBROS
Número Internacional Normalizado del libro 978-84-9945-984-4
040 ## - FUENTE DE CATALOGACIÓN
Agencia de catalogación original CO-MdFUSB
Idioma de catalogación Español
Agencia que realiza la transcripción CO-MdFUSB
Agencia que realiza la modificación CO-MdFUSB
Convenciones de la descripción rda
041 ## - CÓDIGO DE IDIOMA
Código de idioma para texto/pista de sonido o título separado spa
082 ## - NÚMERO DE CLASIFICACIÓN DECIMAL DEWEY
Número de la edición del Dewey 24
Número de clasificación G 221.09
Clave de autor-Numero de item M315t
100 1# - ASIENTO PRINCIPAL--NOMBRE PERSONAL
Nombre personal Marchadour, Alain
Término relacionador autor
245 13 - TÍTULO
Título del Material La tierra que yo te mostraré
Parte restante del título - Subtitulo : La tierra en la Biblia
Mención de responsabilidad, etc. / Alain Marchadour ; traducido por Pedro Barrado y María del Pilar Salas
264 #4 - PRODUCCIÓN, PUBLICACIÓN, DISTRIBUCIÓN, MANUFACTURA, Y COPYRIGHT
Lugar de producción, publicación, distribución, manufactura Estella, Navarra:
Nombre del productor, publicador, distribuidor Verbo Divino,
Fecha de producción, publicación, distribución, manufactura, o copyright ©2014
300 ## - DESCRIPCIÓN FÍSICA
Extensión 68 páginas
Dimensiones 19 cm.
336 ## - TIPO DE CONTENIDO
Fuente rdacontent
Término de tipo de contenido
Código de tipo de contenido
337 ## - TIPO DE MEDIO
Fuente rdamedia
Nombre del tipo de medio
Código del tipo de medio
338 ## - TIPO DE SOPORTE
Fuente rdacarrier
Nombre del tipo de soporte
Código Tipo de soporte
490 ## - MENCIÓN DE SERIE
Mención de serie Cuadernos Bíblicos ;
500 ## - NOTA GENERAL
Nota General Título original en francés: "La terre que je te ferai voir". La terre dans la Bible
501 ## - NOTA DE “CON”
Nota de Contenido rústico
505 00 - NOTA DE CONTENIDO
Nota de contenido con formato preestablecido La matriz del exilio -- Del caos a la tierra prometida -- La tierra para la alianza -- Los profetas: del castigo al consuelo, o el desvelamiento del pecado contra la tierra -- Los Salmos y la tierra -- La tierra de Israel y el Reino -- Las facetas de la tierra.
650 #7 - ASIENTO SECUNDARIO DE MATERIA - TERMINO TEMÁTICO
Término temático o nombre geográfico como elemento de entrada Judaísmo
Subdivisión general Costumbres y prácticas
Fuente del encabezamiento o término
9 (RLIN) 6882
630 #7 - TITULO UNIFORME
Título uniforme Biblia.
Nombre de parte o sección de la obra Antiguo Testamento
Subdivisión de materia general Crítica, interpretación, etc.
653 ## - TÉRMINO DE INDIZACIÓN - NO CONTROLADO
Término no controlado Israel
653 ## - TÉRMINO DE INDIZACIÓN - NO CONTROLADO
Término no controlado Alianza
653 ## - TÉRMINO DE INDIZACIÓN - NO CONTROLADO
Término no controlado Tierra prometida
653 ## - TÉRMINO DE INDIZACIÓN - NO CONTROLADO
Término no controlado Tierra en la biblia
942 ## - TIPO DE MATERIAL (KOHA)
Tipo de Item KOHA Libros General
Existencias
Estado de Material Estado de Perdido Forma de Clasificación Estado de Dañado No para Préstamo Colección Tomo Biblioteca de Origen Biblioteca Permanente Fecha de Adquisición Total de Préstamos Total de Renovaciones Signatura Topográfica Código de Barras Última vez visto Última vez Préstado Ejemplar/Existencia Fecha de Remplazo Tipo de Material
    Dewey Decimal Classification     Colección General   Biblioteca FUSBC Biblioteca FUSBC 09/10/2014 2 1 G 221.09 M315t 18645 16/05/2025 06/03/2025 Ej. 1 26/01/2016 Libros General

Biblioteca FUSBC | Teléfono: (57+4) 349 88 10 Ext. 141| WhatsApp (+57) 3005338115 
E-mail: biblioteca@unisbc.edu.co | Calle 76 87-14 Robledo Palenque, Medellín, Colombia

Con tecnología Koha